|
|
|
|
| LEADER |
01277nam a2200337 i 4500 |
| 001 |
39766 |
| 003 |
BD-DhAAL |
| 005 |
20221020160222.0 |
| 008 |
221020r20141994ii b b 001 0 eng d |
| 999 |
|
|
|c 44999
|d 44999
|
| 010 |
|
|
|a 2012450122
|
| 020 |
|
|
|a 9780198077251 (pbk.)
|
| 020 |
|
|
|a 0198077254 (pbk.)
|
| 040 |
|
|
|a DLC
|b eng
|c DLC
|e rda
|d BD-DhAAL
|
| 042 |
|
|
|a pcc
|
| 043 |
|
|
|a a-ii---
|
| 050 |
0 |
0 |
|a DS452
|b .C476 2012
|
| 082 |
|
|
|a 954
|2 23
|
| 100 |
1 |
|
|a Chattopadhyaya, Brajadulal,
|d 1939-2022.
|9 52025
|
| 245 |
1 |
4 |
|a The making of early medieval India /
|c Brajadulal Chattopadhyaya.
|
| 250 |
|
|
|a Second edition.
|
| 264 |
|
1 |
|a New Delhi :
|b Oxford University Press,
|c c1994 [third impression 2014].
|
| 300 |
|
|
|a lxvi, 290 pages :
|b maps ;
|c 22 cm.
|
| 490 |
1 |
|
|a Oxford Iindia perennials
|
| 504 |
|
|
|a Includes bibliographical references (pages 242-264) and index.
|
| 541 |
|
|
|a Donated By Akbar Ali Khan
|e 39766
|
| 651 |
|
0 |
|a India
|x History
|y 1000-1765.
|9 52026
|
| 830 |
|
0 |
|a Oxford India perennials.
|9 52027
|
| 852 |
|
|
|a Ayesha Abed Library
|c Akbar Ali Khan Collection
|
| 942 |
|
|
|2 ddc
|c BK
|
| 952 |
|
|
|0 0
|1 0
|2 ddc
|4 0
|6 954_000000000000000_CHA
|7 1
|9 72139
|a BRACUL
|b BRACUL
|c AAKC
|d 2022-10-20
|e Donated by Akbar Ali Khan
|g 850.00
|l 0
|o 954 CHA
|p 3010039766
|r 2022-10-20
|t 1
|w 2022-10-20
|y BK
|